<?xml version="1.0" encoding="UTF-8"?>
<marc:record xmlns:marc="http://www.loc.gov/MARC21/slim">
   <marc:leader>00000nam a2200000 a 4500</marc:leader>
   <marc:datafield ind1="1" ind2=" " tag="100">
      <marc:subfield code="a">Davidson, Rosemary</marc:subfield>
      <marc:subfield code="4">aut</marc:subfield>
      <marc:subfield code="e">Verfasser/-in</marc:subfield>
   </marc:datafield>
   <marc:datafield ind1=" " ind2=" " tag="653">
      <marc:subfield code="a">Basteln</marc:subfield>
   </marc:datafield>
   <marc:datafield ind1=" " ind2=" " tag="653">
      <marc:subfield code="a">Ratgeber</marc:subfield>
   </marc:datafield>
   <marc:datafield ind1=" " ind2=" " tag="653">
      <marc:subfield code="a">Spiele</marc:subfield>
   </marc:datafield>
   <marc:datafield ind1=" " ind2=" " tag="653">
      <marc:subfield code="a">Mädchen</marc:subfield>
   </marc:datafield>
   <marc:datafield ind1=" " ind2=" " tag="653">
      <marc:subfield code="a">Beauty-Tipps</marc:subfield>
   </marc:datafield>
   <marc:datafield ind1=" " ind2=" " tag="653">
      <marc:subfield code="a">Party-Ideen</marc:subfield>
   </marc:datafield>
   <marc:datafield ind1="0" ind2="0" tag="245">
      <marc:subfield code="a">Das einzig wahre Buch für Mädchen</marc:subfield>
   </marc:datafield>
   <marc:datafield ind1=" " ind2="1" tag="264">
      <marc:subfield code="b">Omnibus</marc:subfield>
      <marc:subfield code="c">2008</marc:subfield>
   </marc:datafield>
   <marc:datafield ind1="1" ind2=" " tag="520">
      <marc:subfield code="a">Das Dangerous ôBook for Girlsö! Wer verrät Mädchen heute, wie man auf Grashalmen pfeift? Wie man Gummi hüpft, Juckpulver herstellt oder selbst Limonade braut? Dieses Buch tut es. Für Lausemädchen ebenso wie für kleine Träumerinnen ist hier von Abenteuern im Freien, Basteleien, Theaterspiel, Beauty- Tipps, Zaubertricks, den besten Party-Ideen und noch mehr alles zusammengetragen, was Mädchen Spaß macht und prima unterhält. Selbst die Frage, wie man mit Jungs umgeht, bleibt hier nicht offen! ò Für alle Mädchen, Mütter, Großmütter und Tanten von 8 bis 88 ò Tausenderlei Beschäftigungsideen für jedes Wetter und jede Jahreszeit ò Durchgehend illustriert</marc:subfield>
   </marc:datafield>
   <marc:datafield ind1=" " ind2=" " tag="020">
      <marc:subfield code="a">9783570219164</marc:subfield>
      <marc:subfield code="9">9783570219164</marc:subfield>
   </marc:datafield>
</marc:record>
